000 00731nam a2200265Ia 4500
003 OSt
005 20220918222602.0
006 a|||||r|||| 00| 0
007 ta
008 220917b |||||||| |||| 00| 0 eng d
024 _a217,393
037 _cTextual
040 _aARTS
_cARTS
_beng
041 _2eng
_aeng
082 _aV1:19.N7, P1
100 _aKeohane Robert O.
_979027
245 0 _aPower and interdependence
250 _a3rd
260 _aNew York
_bLongman
_c2001
300 _axviii, 334p.
_ccm.
650 _aINTERNATIONAL RELATIONS; HISTORY
_919789
700 _a Nye Joseph S.
_9114543
942 _hV1:19.N7, P1
_cTEXL
_2CC
999 _c275944
_d275944